000184054 001__ 184054
000184054 005__ 20240207151456.0
000184054 0247_ $$2doi$$a10.15120/GR-2015-1-APPA-HEALTH-33
000184054 037__ $$aGSI-SR2014-APPA-HEALTH-33
000184054 041__ $$aEnglish
000184054 0881_ $$aGSI Report 2015-1
000184054 088__ $$2GSI$$aGSI Report 2015-1
000184054 1001_ $$0P:(DE-HGF)0$$aBaasner, J.$$b0
000184054 245__ $$aRadon diffusion through tissue
000184054 260__ $$aDarmstadt$$bGSI Helmholtzzentrum für Schwerionenforschung$$c2015
000184054 29510 $$aScientific Report 2014
000184054 300__ $$a326 p.
000184054 3367_ $$2DRIVER$$abookPart
000184054 3367_ $$2BibTeX$$aINBOOK
000184054 3367_ $$07$$2EndNote$$aBook Section
000184054 3367_ $$0PUB:(DE-HGF)7$$2PUB:(DE-HGF)$$aContribution to a book$$bcontb$$mcontb$$s1451308755_12921
000184054 3367_ $$0PUB:(DE-HGF)15$$2PUB:(DE-HGF)$$aInternal Report$$mintrep
000184054 4900_ $$aGSI Report$$v2015-1$$x0171-4546
000184054 4900_ $$aGSI Scientific Report$$v2014$$x0174-0814
000184054 536__ $$0G:(DE-HGF)POF2-315$$a315 - Imaging and radiooncology (POF2-315)$$cPOF2-315$$fPOF II$$x0
000184054 536__ $$0G:(DE-Ds200)BMBF-02NUK017A$$aBMBF-02NUK017A - GREWIS : Verbundprojekt GREWIS: Genetische Risiken und entzündungshemmende Wirkung von dicht-ionisierender Strahlung: Vergleichende Untersuchungen zur Wirkung von Radon in Zell- und Tier-Modellen und in Radon-Patienten, Teilprojekt A (BMBF-02NUK017A)$$cBMBF-02NUK017A$$x1
000184054 7001_ $$0P:(DE-Ds200)OR4533$$aMaier, A.$$b1$$ugsi
000184054 7001_ $$0P:(DE-Ds200)BUDP1-0284$$aSchardt, D.$$b2$$ugsi
000184054 7001_ $$0P:(DE-HGF)0$$aBreckow, J.$$b3
000184054 7001_ $$0P:(DE-Ds200)OR2413$$aDurante, M.$$b4$$ugsi
000184054 7001_ $$0P:(DE-Ds200)OR0311$$aFournier, C.$$b5$$ugsi
000184054 7001_ $$0P:(DE-Ds200)OR0636$$aKraft, G.$$b6$$ugsi
000184054 773__ $$a10.15120/GR-2015-1-APPA-HEALTH-33
000184054 8564_ $$uhttps://repository.gsi.de/record/184054/files/APPA-HEALTH-33.pdf$$yOpenAccess
000184054 909CO $$ooai:repository.gsi.de:184054$$pdnbdelivery$$pdriver$$pVDB$$popen_access$$popenaire$$qec_fundedresources
000184054 915__ $$0StatID:(DE-HGF)0510$$2StatID$$aOpenAccess
000184054 915__ $$0LIC:(DE-HGF)CCBY3$$2HGFVOC$$aCreative Commons Attribution CC BY 3.0
000184054 9141_ $$y2014
000184054 9101_ $$0I:(DE-Ds200)20121206GSI$$6P:(DE-HGF)0$$aGSI Helmholtzzentrum für Schwerionenforschung GmbH$$b0$$kGSI
000184054 9101_ $$0I:(DE-Ds200)20121206GSI$$6P:(DE-Ds200)OR4533$$aGSI Helmholtzzentrum für Schwerionenforschung GmbH$$b1$$kGSI
000184054 9101_ $$0I:(DE-Ds200)20121206GSI$$6P:(DE-Ds200)BUDP1-0284$$aGSI Helmholtzzentrum für Schwerionenforschung GmbH$$b2$$kGSI
000184054 9101_ $$0I:(DE-Ds200)20121206GSI$$6P:(DE-Ds200)OR2413$$aGSI Helmholtzzentrum für Schwerionenforschung GmbH$$b4$$kGSI
000184054 9101_ $$0I:(DE-Ds200)20121206GSI$$6P:(DE-Ds200)OR0311$$aGSI Helmholtzzentrum für Schwerionenforschung GmbH$$b5$$kGSI
000184054 9101_ $$0I:(DE-Ds200)20121206GSI$$6P:(DE-Ds200)OR0636$$aGSI Helmholtzzentrum für Schwerionenforschung GmbH$$b6$$kGSI
000184054 9131_ $$0G:(DE-HGF)POF2-315$$1G:(DE-HGF)POF2-310$$2G:(DE-HGF)POF2-300$$3G:(DE-HGF)POF2$$4G:(DE-HGF)POF$$aDE-HGF$$bGesundheit$$lKrebsforschung$$vImaging and radiooncology$$x0
000184054 9201_ $$0I:(DE-Ds200)BIO-20160831OR354$$kBIO$$lBiophysik$$x0
000184054 9201_ $$0I:(DE-Ds200)BUD-20051214OR030$$kBUD$$lBibliothek & Dokumentation$$x1
000184054 970__ $$aGSI-SR2014-APPA-HEALTH-33
000184054 9801_ $$aFullTexts
000184054 9801_ $$aGSIasPublisher
000184054 9801_ $$aGSI Scientific Report 2014
000184054 9801_ $$aGSI Scientific Report
000184054 9801_ $$aGSI Report 2015
000184054 9801_ $$aGSI Report
000184054 9801_ $$aJahresbericht
000184054 980__ $$acontb
000184054 980__ $$aVDB
000184054 980__ $$aintrep
000184054 980__ $$aI:(DE-Ds200)20110831OR021
000184054 980__ $$aI:(DE-Ds200)BIO-20160831OR354
000184054 980__ $$aI:(DE-Ds200)20120319OR030
000184054 980__ $$aI:(DE-Ds200)BUD-20051214OR030
000184054 980__ $$aUNRESTRICTED